Physics without math: a descriptive introduction (Record no. 81915)
[ view plain ]
| 000 -LEADER | |
|---|---|
| fixed length control field | 00716nam a2200169 a 4500 |
| 008 - FIXED-LENGTH DATA ELEMENTS--GENERAL INFORMATION | |
| fixed length control field | 120416s1979 ||||||||||||||||| || u |
| 020 ## - INTERNATIONAL STANDARD BOOK NUMBER | |
| International Standard Book Number | 013674317X |
| 050 ## - LIBRARY OF CONGRESS CALL NUMBER | |
| Classification number | QC 23 Sha |
| 100 ## - MAIN ENTRY--PERSONAL NAME | |
| Personal name | Shapiro, Gilbert |
| 245 10 - TITLE STATEMENT | |
| Title | Physics without math: a descriptive introduction |
| 260 ## - PUBLICATION, DISTRIBUTION, ETC. | |
| Place of publication, distribution, etc. | Englewood Cliffs, N.J. |
| Name of publisher, distributor, etc. | FT Prentice-Hall |
| Date of publication, distribution, etc. | 1979 |
| 300 ## - PHYSICAL DESCRIPTION | |
| Extent | xv, 350p. : ill |
| 350 ## - | |
| -- | 0.00 |
| 650 #0 - SUBJECT ADDED ENTRY--TOPICAL TERM | |
| Topical term or geographic name entry element | PHYSICS |
| 995 ## - | |
| -- | MAIN LIBRARY OPEN ACCESS |
| -- | 0.00 |
| -- | 012151 |
| -- | CBU-MAIN LIBRARY (Kitwe) |
| -- | 2 |
| -- | 24.95 |
| -- | QC 23 Sha |
| -- | AVAILABLE |
| -- | 012151 |
| -- | Main Library Open Access Collection |
| 995 ## - | |
| -- | MAIN LIBRARY OPEN ACCESS |
| -- | 0.00 |
| -- | 012155 |
| -- | CBU-MAIN LIBRARY (Kitwe) |
| -- | 1 |
| -- | 24.95 |
| -- | QC 23 Sha |
| -- | AVAILABLE |
| -- | 012155 |
| -- | Main Library Open Access Collection |
| 999 ## - | |
| -- | 81915 |
| -- | 81915 |
| Withdrawn status | Lost status | Source of classification or shelving scheme | Damaged status | Not for loan | Permanent Location | Current Location | Shelving location | Date acquired | Total Checkouts | Full call number | Barcode | Date last seen | Date last checked out | Copy number | Price effective from | Koha item type |
|---|---|---|---|---|---|---|---|---|---|---|---|---|---|---|---|---|
| CBU-MAIN LIBRARY, KITWE. | CBU-MAIN LIBRARY, KITWE. | 09/12/2023 | 1 | QC 23 Sha | 012151 | 05/26/2026 | 05/19/2026 | 1 | 09/12/2023 | MONOGRAPH | ||||||
| CBU-MAIN LIBRARY, KITWE. | CBU-MAIN LIBRARY, KITWE. | 09/12/2023 | QC 23 Sha | 012155 | 09/12/2023 | 2 | 09/12/2023 | MONOGRAPH |